000 00234nam a22001097a 4500
040 _cSP
082 _a382
100 _aCHAY KONGKRUY
245 _a Agricultural trade liberalization
260 _aPhnom Penh
_bCHA
_c2012
942 _cEK
999 _c8561
_d8561